| 000 | 01142cam a2200337 a 4500 | ||
|---|---|---|---|
| 001 | 15602090 | ||
| 003 | Nust | ||
| 005 | 20210224102911.0 | ||
| 008 | 090128r20092008nyuabf b 001 0beng | ||
| 010 | _a 2009003806 | ||
| 020 | _a9780747596141 | ||
| 020 | _a0307271773 (alk. paper) | ||
| 035 | _a(OCoLC)ocn251201707 | ||
| 038 | _aArshad | ||
| 040 |
_aDLC _cDLC _dBTCTA _dYDXCP _dZPP _dC#P _dBWX _dLMR _dDLC |
||
| 050 | 0 | 0 |
_aPQ8180.17.A73 _bZ718 2009 |
| 082 | 0 | 0 |
_a863.64 _bMAR |
| 100 | 1 |
_aMartin, Gerald, _d1944- _935745 |
|
| 245 | 1 | 0 |
_aGabriel García Márquez : _ba life / _cby Gerald Martin. |
| 250 | _a1st U.S. ed. | ||
| 260 |
_aNew York : _bAlfred A. Knopf, _c2009. |
||
| 300 |
_axxiii, 664 p., _bill., maps ; _c25 cm. |
||
| 500 | _aOriginally published: London : Bloomsbury, 2008. | ||
| 504 | _aIncludes bibliographical references (p. 609-620) and index. | ||
| 563 | _aPBK | ||
| 600 | 1 | 0 |
_aGarcía Márquez, Gabriel, _d1927-2014. _935746 |
| 650 | 0 |
_aAuthors, Colombian _y20th century _vBiography. _935747 |
|
| 906 |
_a7 _bcbc _corignew _d1 _eecip _f20 _gy-gencatlg |
||
| 942 |
_2ddc _cBK |
||
| 999 |
_c233656 _d233656 |
||